駅絞り込みクイズ~JR四国編①~ - Statistics

General Stats
  • This quiz has been taken 45 times
  • The average score is 5 of 7
Answer Stats
該当数 条件 Answer % Correct
254 国鉄時代からある
100%
186 市に所在する
100%
128 非電化の駅である
100%
29 定期の優等列車が停車する
100%
8 2面2線の駅である
54%
4 JR四国発足時から所在する自治体が変わっていない
41%
1 県庁所在地にない 多ノ郷
15%
No matching quizzes found
Score Distribution
Percent of People with Each Score
Percentile by Number Answered
Your Score History
You have not taken this quiz